Gminy powiatu starogardzkiego (z mapą) - Statystyki

Ogólne statystyki
  • Ten quiz został rozwiązany 30 razy
  • Średni wynik to 9 z 13
Odpowiedzi na mapie
Odpowiedzi zakodowano w zielono-czerwonej skali na mapie do tego quizu, zgodnie z poniższymi procentami.
 
Statystyki odpowiedzi
Status gminy Gmina % Poprawnych
Wiejska Starogard Gdański
94%
Miejska Starogard Gdański
94%
Wiejska Zblewo
76%
Wiejska Lubichowo
71%
Miejsko-Wiejska Skarszewy
71%
Wiejska Skórcz
71%
Miejska Skórcz
71%
Miejsko-Wiejska Czarna Woda
65%
Wiejska Kaliska
65%
Wiejska Smętowo Graniczne
65%
Wiejska Bobowo
59%
Wiejska Osieczna
59%
Wiejska Osiek
59%
Nie znaleziono quizów pasujących do podanych kryteriów
Rozkład punktacji
Procent ludzi z każdym wynikiem
Percentyl według liczby udzielonych odpowiedzi
Twoja historia wyników
Nie rozwiązałeś tego quizu